Tratado sobre la agresividad (Record no. 5652)

MARC details
000 -LEADER
campo de control de longitud fija 00822nam a2200241 i 4500
001 - NÚMERO DE CONTROL
campo de control 5652
003 - IDENTIFICADOR DE NÚMERO DE CONTROL
campo de control ES-MaACL
005 - FECHA Y HORA DE LA ÚLTIMA TRANSACCIÓN
campo de control 20250822040044.0
007 - CAMPO FIJO DE DESCRIPCIÓN FÍSICA--INFORMACIÓN GENERAL
campo de control de longitud fija t|
008 - DATOS DE LONGITUD FIJA--INFORMACIÓN GENERAL
campo de control de longitud fija 890412s1986 sp ||||0| spa d
020 ## - NÚMERO INTERNACIONAL ESTÁNDAR DEL LIBRO
Número Internacional Estándar del Libro 84-86352-78-9
080 ## - NÚMERO DE LA CLASIFICACIÓN DECIMAL UNIVERSAL
Número de la Clasificación Decimal Universal 159.943
100 1# - ENTRADA PRINCIPAL--NOMBRE DE PERSONA
Nombre de persona Montejo Carrasco, Pedro.
9 (RLIN) 82442
245 10 - MENCIÓN DEL TÍTULO
Título Tratado sobre la agresividad
Resto del título : narcisismo, frustraccion [sic] y terrorismo /
Mención de responsabilidad, etc. Pedro Montejo Carrasco.
260 ## - PUBLICACIÓN, DISTRIBUCIÓN, ETC.
Lugar de publicación, distribución, etc. Madrid :
Nombre del editor, distribuidor, etc. Quorum,
Fecha de publicación, distribución, etc. 1986.
300 ## - DESCRIPCIÓN FÍSICA
Extensión 169 p. ;
Dimensiones 20 cm.
490 1# - MENCIÓN DE SERIE
Mención de serie Biblioteca básica de psicología general y aplicada ;
Designación de volumen o secuencia 12
500 ## - NOTA GENERAL
Nota general Ded. autogr. del autor.
650 14 - PUNTO DE ACCESO ADICIONAL DE MATERIA--TÉRMINO DE MATERIA
Término de materia o nombre geográfico como elemento de entrada Agresividad.
9 (RLIN) 9668
830 00 - PUNTO DE ACCESO ADICIONAL DE SERIE-TÍTULO UNIFORME
Título uniforme Biblioteca básica de psicología general y aplicada
Designación de volumen o secuencia 12
9 (RLIN) 227714
852 ## - LOCALIZACIÓN
Ubicación ES-MaACL
Número de control de estantería L-12440
Sublocalización o colección R.113168
Nota libre . - plast.
Holdings
Estatus retirado Estado de pérdida Estado de daño No para préstamo Biblioteca de origen Biblioteca actual Ubicación en estantería Fecha de adquisición Fuente de adquisición Total de préstamos Signatura topográfica completa Código de barras Visto por última vez Precio de reemplazo Tipo de ítem Koha
        Biblioteca del Ateneo de Madrid Biblioteca del Ateneo de Madrid Depósito 2 17/01/2008     L-12440 1005731 23/02/2023 23/02/2023 Libro impreso